| 000 | 00908cab a2200253 4500 | ||
|---|---|---|---|
| 001 | WB3137-38 | ||
| 008 | 090401t1995 xxu||||| |||| 00| 0 eng d | ||
| 035 | _a(Sirsi) u16602 | ||
| 041 | _aeng | ||
| 245 | _aCalls to restore rented rural homes | ||
| 260 | _c1995 | ||
| 350 | _a0 | ||
| 490 |
_aBritish Farmer _v11(8) October 1995, 5(1) |
||
| 520 | _aGovernment`s proposed right-to-buy policy has caused the New Forest DC`s pioneering low-cost rural housing scheme to be halted following fears that the homes will `no longer be there for the people who really need them`. | ||
| 650 |
_aAffordable housing _96215 |
||
| 650 | _aGOVERNMENT POLICY | ||
| 650 | _aLOW-COST HOUSING | ||
| 650 | _aNEW FOREST DC | ||
| 650 | _aRIGHT-TO-BUY | ||
| 650 | _aRURAL HOUSING | ||
| 690 | _aPROPERTY-RESIDENTIAL PROPERTY-RESIDENTIAL LANDLORD AND TENANT-RESIDENTIAL TENANCIES | ||
| 942 | _n0 | ||
| 948 | _c04/03/1997 | ||
| 999 |
_c10952 _d10952 |
||